| 000 | 00525nam a22001817a 4500 | ||
|---|---|---|---|
| 005 | 20231116073518.0 | ||
| 008 | 231116b |||||||| |||| 00| 0 eng d | ||
| 020 | _a9780702184987 | ||
| 041 | _aEnglish | ||
| 082 | _a344.1 GRO | ||
| 100 |
_aGrogan, J _lEnglish |
||
| 245 |
_aEmployment Rights / _cJ Grogan |
||
| 250 | _aFirst Edition | ||
| 260 |
_aCape Town : _bJuta and Company Ltd, _c2010 |
||
| 300 |
_bxxxii, 311 pages ; _c25 cm. |
||
| 650 |
_aLegal practice _bLaw |
||
| 942 |
_cBK _6ALISON_BN_VRIES |
||
| 999 |
_c708 _d708 |
||